|
|
|
|
| LEADER |
00000nab a2200000 a 4500 |
| 001 |
vtls000710162 |
| 003 |
SK-MaSNL |
| 005 |
20260303202226.0 |
| 008 |
160314c2000 xo 0 slo |
| 015 |
|
|
|a SNBRB2000/01-02259
|
| 035 |
|
|
|a CLN000062329
|
| 040 |
|
|
|a SNKBUCL
|b slo
|c SNKBUCL
|e AACR2
|
| 041 |
0 |
|
|a slo
|
| 044 |
|
|
|a xo
|c SK
|
| 080 |
|
|
|a 82:929:885.4
|2 UDC-MRF-SK2
|
| 080 |
|
|
|a 885.4:929
|2 UDC-MRF-SK2
|
| 080 |
|
|
|a 929 Bunčák, Pavel
|2 UDC-MRF-SK2
|
| 100 |
1 |
|
|a Janík, Pavol,
|d 1956-
|4 aut
|9 221069
|
| 245 |
1 |
0 |
|a Zomrel básnik Pavel Bunčák
|c Pavol Janík
|
| 600 |
1 |
7 |
|a Bunčák, Pavel,
|d 1915-2000
|2 snkbucl
|9 103653
|
| 773 |
0 |
|
|x 1335-4698
|t Slovenská republika
|g Roč. 8, č. 4 (7.1.2000), s. 10
|
| 850 |
|
|
|a Slovenská národná knižnica v Martine
|
| 852 |
|
|
|a SNK
|b KIS3GCP
|
| 958 |
|
|
|a LX
|
| 958 |
|
|
|a SK
|
| 958 |
|
|
|a BX
|
| 958 |
|
|
|a RBX
|
| 999 |
|
|
|c 2178367
|d 2180297
|